[Event "ICA Summer Classic (Open)"]
[Site "Boise, ID"]
[Date "2014.07.19"]
[Round "2.6"]
[White "Porth, Adam"]
[Black "Inman, James"]
[Result "0-1"]
[WhiteElo "1409"]
[BlackElo "1774"]
[EventRounds "5"]
[EventCountry "USA"]

1. e4 c6 2. d4 d5 3. e5 Bf5 4. c3 e6 5. Nf3 Nd7 6. a3 c5 7. Be2 h6 8. Be3 cxd4
9. cxd4 Ne7 10. Nc3 Nc6 11. O-O Be7 12. b4 Rc8 13. Bd3 Bg4 14. Rc1 O-O 15. h3
Bh5 16. Be2 Bg6 17. Qd2 Re8 18. Na2 a6 19. Nh2 Bf8 20. Bd3 Bxd3 21. Qxd3 b5
22. Qd2 Nb6 23. Rc3 Nc4 24. Qe2 a5 25. Bxh6 Nxd4 26. Qg4 Nf5 27. Bc1 Nxe5 28.
Rxc8 Qxc8 29. Qe2 Nc4 30. Nf3 axb4 31. axb4 Qb7 32. Ng5 g6 33. Nf3 Qa7 34. g4
Ng3 35. Qc2 Nxf1 36. Kxf1 Rc8 37. Qb1 Qa4 38. Nh4 Qd1+ 39. Kg2 Nd2 40. Qd3
Rxc1 41. Nxc1 Qxc1 42. Nxg6 Ne4 43. Ne5 Qd2 44. Qf3 Ng5 45. Qf6 Bg7 46. Qd8+
Kh7 47. Nc6 Qf4 48. Ne7 Qf3+ 49. Kf1 Qxh3+ 50. Ke1 Bc3+ 51. Kd1 Qd3+ 52. Kc1
Qd2+ 53. Kb1 Qb2# 0-1

[Event "ICA Summer Classic (Open)"]
[Site "Boise, ID"]
[Date "2014.07.19"]
[Round "3.7"]
[White "Siek, Justin"]
[Black "Porth, Adam"]
[Result "0-1"]
[WhiteElo "955"]
[BlackElo "1409"]
[EventRounds "5"]
[EventCountry "USA"]

1. e4 e6 2. d4 d5 3. e5 c5 4. c3 cxd4 5. cxd4 a6 6. Nf3 Bd7 7. Bf4 Ne7 8. Nc3
Nf5 9. g3 Nc6 10. Bg2 Qb6 11. Ne2 Bb4+ 12. Bd2 Bxd2+ 13. Qxd2 Qb4 14. Qxb4
Nxb4 15. O-O Bb5 16. Rfe1 Nc2 17. Rac1 Nxe1 18. Rxe1 O-O 19. Nc3 Bc6 20. a3
Rac8 21. Rc1 b5 22. b4 Rc7 23. g4 Ne7 24. h3 Rfc8 25. Nd2 Bb7 26. Ndb1 Nc6 27.
Ne2 Nxd4 28. Rxc7 Nxe2+ 29. Kf1 Rxc7 30. Kxe2 Rc2+ 31. Kf3 d4+ 32. Kg3 Bxg2
33. Kxg2 d3 34. Kf3 Re2 35. Nc3 Rxe5 36. Kf4 Re1 37. Kf3 d2 38. Nd1 Rxd1 39.
Ke2 Ra1 40. Kxd2 Rxa3 41. Ke2 a5 42. bxa5 b4 43. Kd2 Rc3 44. a6 Rc7 45. a7
Rxa7 46. Kc2 e5 47. Kb3 Ra3+ 48. Kb2 Rxh3 49. Kb1 Rf3 50. Kc2 e4 51. Kc1 Rxf2
52. Kd1 b3 53. Kc1 e3 54. Kd1 b2 55. Ke1 b1=Q# 0-1

[Event "ICA Summer Classic (Open)"]
[Site "Boise, ID"]
[Date "2014.07.20"]
[Round "4.5"]
[White "Porth, Adam"]
[Black "Olson, Christopher Ronald"]
[Result "1/2-1/2"]
[WhiteElo "1409"]
[BlackElo "895"]
[EventRounds "5"]
[EventCountry "USA"]

1. e4 b6 2. Bc4 Bb7 3. Nc3 Nf6 4. d3 e6 5. Bg5 Be7 6. Nf3 d5 7. Bb5+ c6 8. Ba4
b5 9. Bb3 b4 10. Ne2 dxe4 11. Ne5 exd3 12. Nxd3 Nbd7 13. O-O O-O 14. c3 c5 15.
cxb4 cxb4 16. Bd2 Qb6 17. Qe1 Qc6 18. f3 a5 19. Rc1 Qb6+ 20. Qf2 Qxf2+ 21.
Nxf2 Rac8 22. Bc2 Ne5 23. b3 Ba6 24. Rfe1 Bc5 25. Ng3 Nd3 26. Bxd3 Bxd3 27.
Re5 Bb6 28. Ne2 Rxc1+ 29. Bxc1 Rc8 30. Bf4 Rc2 31. Kf1 Nd5 32. Nxd3 Rxa2 33.
Ke1 Ra3 34. Nec1 Nxf4 35. Nxf4 Bc7 36. Re4 f5 37. Rc4 Be5 38. Nxe6 Bxh2 39.
Nc5 Be5 40. Rc2 Bd4 41. Na4 Ra1 42. Kd2 f4 43. Kd1 Kf7 44. Ra2 Rb1 45. Kc2 Ra1
46. Rxa1 Bxa1 47. Nd3 g5 48. Ndb2 h5 49. Kb1 Bxb2 50. Nxb2 Kf6 51. Nc4 g4 52.
fxg4 h4 53. Nd2 Kg5 54. Nf3+ Kxg4 55. Kc2 h3 {#d} 1/2-1/2

[Event "ICA Summer Classic (Open)"]
[Site "Boise, ID"]
[Date "2014.07.20"]
[Round "5.6"]
[White "Amen, Chris"]
[Black "Porth, Adam"]
[Result "1-0"]
[WhiteElo "1508"]
[BlackElo "1409"]
[EventRounds "5"]
[EventCountry "USA"]

1. c4 e6 2. Nc3 Nf6 3. e4 c5 4. e5 Ng8 5. d4 cxd4 6. Qxd4 Nc6 7. Qe4 b6 8. Nf3
Bb7 9. Be2 Qc8 10. O-O a6 11. Be3 Qc7 12. Rad1 d6 13. exd6 Bxd6 14. Qg4 f5 15.
Qh5+ g6 16. Qg5 Be7 17. Qg3 Qxg3 18. hxg3 Bc5 19. Bxc5 bxc5 20. Na4 Nf6 21.
Nxc5 Nd8 22. b3 Bc6 23. Ne5 Ke7 24. Rxd8 Bxg2 25. Rxh8 Rxh8 26. Kxg2 Kd6 {#r}
1-0

[Event "Southern Idaho Open"]
[Site "Twin Falls, ID"]
[Date "2014.11.08"]
[Round "1.4"]
[White "Porth, Adam"]
[Black "Inman, James"]
[Result "0-1"]
[WhiteElo "1338"]
[BlackElo "1719"]
[EventRounds "4"]
[EventCountry "USA"]

1. d4 d5 2. Nf3 Nf6 3. e3 c5 4. b3 e6 5. Bb2 Nc6 6. Be2 Bd6 7. Nbd2 O-O 8. Rc1
cxd4 9. exd4 Qa5 10. a4 Ne4 11. O-O Nc3 12. Bxc3 Qxc3 13. Nb1 Qa5 14. c3 Bd7
15. Qc2 Rac8 16. Ng5 g6 17. Qd1 Bf4 18. Nxh7 Kxh7 19. Rc2 Rh8 20. Qd3 Qc7 21.
g3 Bh6 22. f4 Nb4 23. Qd1 Nxc2 24. Qxc2 Bg7 25. Qd1 a6 26. f5 exf5 27. Rf4 g5
28. Rf2 f4 29. Bd3+ Kg8 30. Qf3 Re8 31. Kg2 Re3 32. Qxd5 Bc6 33. Bc4 Bxd5+ 34.
Bxd5 Qd7 35. Bc4 Qh3+ 36. Kg1 Re1+ {#R} 0-1

[Event "Southern Idaho Open"]
[Site "Twin Falls, ID"]
[Date "2014.11.08"]
[Round "2.4"]
[White "Bartell, Fred"]
[Black "Porth, Adam"]
[Result "0-1"]
[WhiteElo "1679"]
[BlackElo "1338"]
[EventRounds "4"]
[EventCountry "USA"]

1. c4 c5 2. Nc3 e6 3. Nf3 Nf6 4. e4 d6 5. d4 cxd4 6. Nxd4 e5 7. Nb3 b6 8. Bg5
Be7 9. Bxf6 Bxf6 10. Qd5 Qc7 11. Nb5 Qc6 12. Qxc6+ Nxc6 13. Nc7+ Kd7 14. Nxa8
Bb7 15. Nxb6+ axb6 16. O-O-O Nb4 17. a3 Bg5+ 18. Kb1 Bxe4+ 19. Bd3 Nxd3 20. f3
Bg6 21. Ka2 Nf2 22. Rhf1 Nxd1 23. Rxd1 Bc2 24. Rd5 Bxb3+ 25. Kxb3 Re8 26. Rb5
Bd8 27. Kc3 e4 28. fxe4 Rxe4 29. Rf5 Ke6 30. Rf2 f5 31. g3 g5 32. b3 h5 33.
Rf3 Re2 34. h3 Ke5 35. Rd3 Bf6 36. Kb4 f4 37. gxf4+ gxf4 38. Rd5+ Ke4 39. Rxd6
Bd4 40. Rh6 f3 {#R} 0-1

[Event "Southern Idaho Open"]
[Site "Twin Falls, ID"]
[Date "2014.11.08"]
[Round "3.2"]
[White "Porth, Adam"]
[Black "Carr, John B"]
[Result "0-1"]
[WhiteElo "1338"]
[BlackElo "1745"]
[EventRounds "4"]
[EventCountry "USA"]

1. e4 e6 2. e5 d5 3. d4 c5 4. Nf3 Nc6 5. c3 Bd7 6. g3 Qb6 7. Bg2 cxd4 8. cxd4
Bb4+ 9. Nc3 Nge7 10. O-O Nf5 11. Ne2 O-O 12. a3 Be7 13. b4 Rfc8 14. Bb2 a5 15.
Rb1 axb4 16. a4 Na5 17. Nd2 Nc4 18. Nxc4 Rxc4 19. Ra1 Qc6 20. g4 Nh4 21. a5
Qb5 22. Nf4 Rxa5 23. Rxa5 Qxa5 24. Qa1 Qxa1 25. Rxa1 Nxg2 26. Kxg2 g5 27. Nh5
Rc2 28. Ra8+ Bc8 29. Ba1 b3 30. h3 h6 31. Kg3 Kh7 32. f3 Bd7 33. Ra7 Bc6 34.
Ra8 Ra2 35. Rxa2 bxa2 36. Kf2 Bb5 37. Ke3 {#R} 0-1

[Event "Southern Idaho Open"]
[Site "Twin Falls, ID"]
[Date "2014.11.08"]
[Round "4.4"]
[White "Porth, Adam"]
[Black "Roland, Jeffrey T"]
[Result "0-1"]
[WhiteElo "1338"]
[BlackElo "1729"]
[EventRounds "4"]
[EventCountry "USA"]

1. e4 e5 2. Nf3 Nc6 3. c3 d5 4. d4 dxe4 5. Ng5 Be7 6. Nxe4 exd4 7. Bc4 Bf5 8.
Ng3 Bg6 9. Qf3 Nf6 10. Bb5 Qd5 11. Bxc6+ bxc6 12. Qxd5 Nxd5 13. O-O O-O 14. a3
dxc3 15. Nxc3 Rab8 16. Re1 Bf6 17. Nxd5 cxd5 18. Ra2 Rfe8 19. Ne2 Bb1 20. Ra1
Bd3 21. Be3 Bxe2 22. Rxe2 d4 23. Rc1 dxe3 24. b4 exf2+ 25. Rxf2 Bd4 26. Kf1
Bxf2 27. Kxf2 Re7 28. Rc4 Rd8 29. Rc2 Rd6 30. a4 Rf6+ 31. Kg3 Re3+ 32. Kh4 h6
33. Rxc7 Rf4+ 34. g4 g5+ 35. Kh5 Rh3# 0-1

[Event "Western Idaho Open (Reserve)"]
[Site "Boise, ID"]
[Date "2014.12.14"]
[Round "2.202"]
[White "Porth, Adam"]
[Black "Porth, Darwin Albert"]
[Result "1-0"]
[WhiteElo "1363"]
[BlackElo "432"]
[EventRounds "5"]
[EventCountry "USA"]

1. e4 e6 2. Nf3 d5 3. e5 c5 4. d4 Be7 5. Nc3 Qa5 6. Bd3 cxd4 7. Nxd4 Bb4 8.
Bd2 Ne7 9. O-O O-O 10. Qh5 g6 11. Qh6 Re8 12. Bg5 Ba3 13. bxa3 Qxc3 14. Nf3
Qxa3 15. Rfe1 Na6 16. Nh4 Nb4 17. Re3 Nf5 18. Nxf5 exf5 19. h3 d4 20. Rf3 Rxe5
21. Re1 Rxe1+ 22. Kh2 Nxa2 23. Bf6 Qf8 24. Qd2 Re6 25. Bxd4 Qd6+ 26. Kg1 Bd7
27. c3 Nxc3 28. Bxc3 Rae8 29. g3 Re1+ 30. Kg2 Qxd3 31. Qxd3 Bc6 32. Qd4 R8e2
33. Qg7# 1-0

[Event "Western Idaho Open (Reserve)"]
[Site "Boise, ID"]
[Date "2014.12.13"]
[Round "3.201"]
[White "Porth, Desmond"]
[Black "Porth, Adam"]
[Result "0-1"]
[WhiteElo "1308"]
[BlackElo "1363"]
[EventRounds "5"]
[EventCountry "USA"]

1. e4 c6 2. Nf3 d5 3. e5 Bf5 4. d4 e6 5. Bd3 c5 6. Bxf5 exf5 7. h4 Nc6 8. Be3
Qb6 9. dxc5 Bxc5 10. Qxd5 Bxe3 11. fxe3 Qxe3+ 12. Kd1 Rd8 13. Qxd8+ Kxd8 14.
Nbd2 Nxe5 15. Kc1 Nf6 16. Re1 Qf2 17. Nxe5 Qxe1# 0-1

[Event "Idaho Closed"]
[Site "Twin Falls, ID"]
[Date "2015.02.14"]
[Round "1.7"]
[White "Carr, John B"]
[Black "Porth, Adam"]
[Result "1-0"]
[WhiteElo "1725"]
[BlackElo "1352"]
[EventRounds "6"]
[EventCountry "USA"]

1. d4 d5 2. c4 e6 3. Nc3 Nf6 4. cxd5 exd5 5. Bg5 Be6 6. e3 Nbd7 7. Nf3 a6 8.
Bd3 c5 9. Rc1 c4 10. Bb1 h6 11. Bh4 Be7 12. Qc2 b5 13. O-O Nh5 14. Bxe7 Qxe7
15. Ne5 Nxe5 16. dxe5 Qg5 17. f4 Qg4 18. f5 d4 19. fxe6 dxc3 20. exf7+ Ke7 21.
Qxc3 a5 22. Qd4 Qxd4 23. exd4 Rhf8 24. Bg6 Nf6 25. exf6+ gxf6 26. Rce1+ Kd6
27. Rxf6+ Kd7 28. Re8 b4 29. Rxa8 c3 30. Rxf8 b3 31. axb3 cxb2 32. Rd8+ {#r}
1-0

[Event "Idaho Closed"]
[Site "Twin Falls, ID"]
[Date "2015.02.14"]
[Round "2.13"]
[White "Porth, Adam"]
[Black "Nathan, Oliver Eli"]
[Result "1-0"]
[WhiteElo "1352"]
[BlackElo "481"]
[EventRounds "6"]
[EventCountry "USA"]

1. e4 e5 2. Nf3 Nc6 3. d4 Bb4+ 4. c3 Ba5 5. Bc4 Nh6 6. Bxh6 gxh6 7. dxe5 d6 8.
Qd5 Be6 9. Qd3 Qe7 10. O-O O-O-O 11. Bb5 Nxe5 12. Nxe5 dxe5 13. Qe3 Bb6 14.
Qxh6 f5 15. Nd2 Rxd2 16. Qxd2 fxe4 17. a4 Ba5 18. b4 Bb6 19. a5 Bxa5 20. Rxa5
Bg8 21. Rxa7 Kb8 22. Rfa1 {#r} 1-0

[Event "Idaho Closed"]
[Site "Twin Falls, ID"]
[Date "2015.02.15"]
[Round "3.9"]
[White "Porth, Adam"]
[Black "Bowden, Dale R"]
[Result "0-1"]
[WhiteElo "1352"]
[BlackElo "1613"]
[EventRounds "6"]
[EventCountry "USA"]

1. Nf3 Nf6 2. d4 d5 3. e3 Bf5 4. c3 h6 5. Nbd2 Nbd7 6. Bb5 c6 7. Ba4 e6 8. O-O
Be7 9. Bc2 Bxc2 10. Qxc2 O-O 11. b3 Rc8 12. Bb2 c5 13. dxc5 Nxc5 14. Rac1 b5
15. Qb1 Nce4 16. Rfd1 Qb6 17. Nxe4 Nxe4 18. Ne5 Rfd8 19. Qd3 a5 20. Qe2 Bf6
21. Qh5 Qb7 22. f4 Rc7 23. Rd3 a4 24. g3 axb3 25. axb3 Ra8 26. Qe2 Ra2 27. Qc2
Be7 28. Qb1 Qa7 29. b4 Qa4 30. Qc2 Qa6 31. Kg2 Bxb4 32. Qb3 Qa3 33. Qxa3 Bxa3
34. Kf3 Rxb2 35. Ra1 Rf2+ 36. Kg4 f5+ 37. Kh3 Bd6 38. Ra6 Bxe5 39. fxe5 Kf7
40. Rd1 Ng5+ {#R} 0-1

[Event "Idaho Closed"]
[Site "Twin Falls, ID"]
[Date "2015.02.15"]
[Round "4.9"]
[White "Landon, Lloyd"]
[Black "Porth, Adam"]
[Result "1-0"]
[WhiteElo "1923"]
[BlackElo "1352"]
[EventRounds "6"]
[EventCountry "USA"]

1. c4 c6 2. d4 d5 3. Nc3 Bf5 4. Nf3 Nf6 5. e3 e6 6. Be2 Nbd7 7. O-O Qc7 8. Bd2
Be7 9. Rc1 Rc8 10. Be1 Qb8 11. Nd2 Bd6 12. g3 Bh3 13. f3 Bxf1 14. Bxf1 h5 15.
e4 Nh7 16. e5 Be7 17. f4 g6 18. Nf3 Kd8 19. h3 Ndf8 20. g4 hxg4 21. hxg4 g5
22. f5 exf5 23. gxf5 g4 24. Nh2 Bg5 25. Rc2 Nf6 26. Bg3 Nh5 27. Qxg4 Nxg3 28.
Qxg5+ Ke8 29. Qxg3 Rc7 30. cxd5 cxd5 31. e6 Qd8 32. Bb5+ Rc6 33. e7 Kxe7 34.
Qe5+ Ne6 35. Nxd5+ Kd7 36. fxe6+ fxe6 37. Nf6+ Ke7 38. Bxc6 bxc6 39. Rxc6 Kf7
40. Qxe6+ Kf8 41. Qd6+ Qxd6 42. Rxd6 Ke7 43. Ra6 Rc8 44. Nd5+ Kd7 45. Nc3 Rg8+
46. Kf2 Rb8 47. Rxa7+ Kc6 48. Ra6+ Kd7 49. b3 Kc7 50. Ke3 Rc8 51. Kd3 Kb7 52.
Rf6 Kc7 53. Nf3 Ra8 54. Ne5 Rh8 55. Nb5+ Kb7 56. a4 Rc8 57. Nd6+ Ka6 58. Nxc8+
Ka5 59. Nc6+ Ka6 60. b4 Kb7 61. N6e7 Ka8 {#r} 1-0

[Event "Idaho Closed"]
[Site "Twin Falls, ID"]
[Date "2015.02.16"]
[Round "5.11"]
[White "Porth, Dylan"]
[Black "Porth, Adam"]
[Result "0-1"]
[WhiteElo "915"]
[BlackElo "1352"]
[EventRounds "6"]
[EventCountry "USA"]

1. e4 c6 2. Nf3 d5 3. e5 Bf5 4. d4 e6 5. Nc3 c5 6. Be3 Nc6 7. Be2 Qb6 8. Rb1
a6 9. O-O Nb4 10. Ne1 Nh6 11. a3 Nc6 12. h3 cxd4 13. Bxh6 gxh6 14. Na2 Nxe5
15. b4 Rg8 16. Nf3 Nc6 17. Rc1 Bxh3 18. Nh4 Be7 19. Kh2 Bxh4 20. Kxh3 Qc7 21.
Kxh4 Qh2# 0-1

[Event "Idaho Closed"]
[Site "Twin Falls, ID"]
[Date "2015.02.16"]
[Round "6.8"]
[White "Porth, Adam"]
[Black "Zaklan, David Allen"]
[Result "0-1"]
[WhiteElo "1352"]
[BlackElo "1483"]
[EventRounds "6"]
[EventCountry "USA"]

1. d4 c6 2. Nf3 d5 3. e3 Nf6 4. Bd3 e6 5. Nbd2 Be7 6. c3 O-O 7. O-O Nbd7 8.
Qc2 c5 9. Ng5 g6 10. e4 c4 11. Be2 Ne8 12. Ngf3 Ng7 13. b3 b5 14. Re1 a6 15.
exd5 exd5 16. Bf1 Bb7 17. g3 Nf6 18. Ne5 Nf5 19. Ndf3 Ne4 20. Nd2 Nfd6 21. Bg2
Bf6 22. Nxe4 dxe4 23. Bf4 Re8 24. f3 g5 25. Be3 Bxe5 26. dxe5 Rxe5 27. f4 gxf4
28. Bxf4 Re6 29. Rad1 Qb6+ 30. Be3 Qc7 31. Qf2 Ne8 32. Bf4 Qc8 33. Bh3 Qc6 34.
Bxe6 e3 35. Bxf7+ Kf8 36. Bxe3 Qh1# 0-1

[Event "Wood River Weekend Progressive"]
[Site "Hailey, ID"]
[Date "2015.10.10"]
[Round "1.3"]
[White "Porth, Dylan"]
[Black "Porth, Adam"]
[Result "0-1"]
[WhiteElo "1030"]
[BlackElo "1370"]
[EventRounds "4"]
[EventCountry "USA"]

1. b4 b5 2. Bb2 d6 3. Nc3 e5 4. Nxb5 Bd7 5. e3 Nf6 6. d4 Nc6 7. a3 exd4 8.
exd4 Be7 9. d5 Ne5 10. Be2 a6 11. Bxe5 dxe5 12. Nc3 Qc8 13. Nf3 Bd6 14. Ng5 h6
15. Nge4 Bg4 16. Nxf6+ gxf6 17. Bxg4 Qb7 18. O-O h5 19. Bxh5 Ke7 20. Qf3 Rh6
21. Rad1 Rah8 22. g4 Rg8 23. h4 Rxh5 24. g5 Rxh4 25. Qxf6+ Ke8 26. Kg2 Rg4+
27. Kf3 Rf4+ 28. Qxf4 exf4 29. Rfe1+ Kd7 30. Ne4 Rh8 31. Nxd6 cxd6 32. Kxf4
Qb6 { The rest of the game is available thanks to video footage taken by
Assistant TD Jeffrey Roland. Neither player recorded after the 32nd move.} 33.
Re2 f6 34. Kg4 fxg5 35. Kxg5 Rg8+ 36. Kf4 Qd8 37. Rf1 Qf8+ 38. Ke4 Rg4+ 39.
Kd3 Qf3+ 40. Kd2 Qxd5+ 41. Ke1 Re4 42. Rxe4 Qxe4+ 43. Kd1 Qd4+ 44. Kc1 Qa1+
45. Kd2 Qxf1 46. Kc3 Qxf2 47. Kc4 Qxc2+ 48. Kd5 Qb3+ 49. Kd4 Qxa3 50. Kd5 Qd3#
0-1

[Event "Wood River Weekend Progressive"]
[Site "Hailey, ID"]
[Date "2015.10.10"]
[Round "2.2"]
[White "Porth, Adam"]
[Black "Machin, Alex James"]
[Result "0-1"]
[WhiteElo "1370"]
[BlackElo "1675"]
[EventRounds "4"]
[EventCountry "USA"]

1. e4 c5 2. Nf3 g6 3. d4 cxd4 4. Bc4 Nc6 5. c3 d3 6. Qxd3 d6 7. Bg5 Bg7 8. O-O
Nf6 9. e5 dxe5 10. Qxd8+ Nxd8 11. Nxe5 O-O 12. Nd2 b6 13. Rad1 Bb7 14. Bb5 a6
15. Ba4 b5 16. Bb3 Nc6 17. Ndf3 Na5 18. Bc2 Rfd8 19. b4 Nc6 20. Nxc6 Bxc6 21.
Ne5 Bd5 22. a4 h6 23. Bh4 g5 24. Bg3 Nh5 25. Ng4 Nxg3 26. hxg3 Bc4 27. Rfe1
Rxd1 28. Bxd1 Rd8 29. axb5 axb5 30. Be2 Bxc3 31. Nxh6+ Kh7 32. Nxf7 Bxe1 33.
Nxd8 Bxe2 34. Ne6 Kg6 35. Nd4 {This is the last move recorded by Adam Porth.}
Bc4 36. Nc2 Bc3 37. f3 Bd3 38. Na3 Bxb4 39. Nxb5 Bxb5 40. g4 Kf6 {This is the
last move recorded by Alex Machin. The rest of the game is made possible by
video footage taken by Assistant TD Jeffrey Roland. On the clock, White had 2:
54 and Black had only 8.9 seconds.} 41. Kh2 Bd6+ 42. g3 Bc6 43. Kg2 e5 44. Kf2
e4 45. fxe4 Bxe4 46. Ke3 Ke5 47. Kf2 Bc5+ 48. Ke2 Kd4 49. Kf2 Bd6 50. Ke1
Bxg3+ 51. Kf1 Ke3 52. Kg1 Kf3 53. Kf1 Kxg4 54. Kg1 Kh3 55. Kf1 Bf3 56. Kg1 Be2
57. Kh1 Bf4 58. Kg1 Be3+ {#R} 0-1

[Event "Wood River Weekend Progressive"]
[Site "Hailey, ID"]
[Date "2015.10.10"]
[Round "3.2"]
[White "Machin, Drew Anthony"]
[Black "Porth, Adam"]
[Result "1-0"]
[WhiteElo "990"]
[BlackElo "1370"]
[EventRounds "4"]
[EventCountry "USA"]

1. d4 d5 2. Nf3 e6 3. e3 c5 4. c3 Nf6 5. Bd3 Nc6 6. Nbd2 cxd4 7. exd4 a6 8.
O-O Qc7 9. Re1 Bd6 10. Qe2 Ng4 11. h3 Nf6 12. Ne5 Nd7 13. Ndf3 Ndxe5 14. Nxe5
Nxe5 15. dxe5 Bc5 16. Qh5 b5 17. a4 b4 18. Qg4 g6 19. Bh6 Qb6 20. Re2 bxc3 21.
bxc3 Qc6 22. Qf4 Bb7 23. c4 O-O-O 24. cxd5 Qe8 25. Rc2 Rxd5 26. Be4 Qc6 27.
Rac1 Rhd8 28. Rxc5 Rd1+ 29. Kh2 Qxc5 30. Rxc5+ Kb8 31. Bxb7 Kxb7 32. Qxf7+
R1d7 33. Qxe6 Ka7 34. a5 Rb7 35. Rc6 Rdd7 36. Rxa6+ Kb8 37. Qe8+ Kc7 38. e6
Rd8 39. Qc6+ Kb8 40. Bf4+ {#r} 1-0

[Event "SIO (Open)"]
[Site "Twin Falls, ID"]
[Date "2015.11.14"]
[Round "1.7"]
[White "Roland, Jeffrey T"]
[Black "Porth, Adam"]
[Result "1-0"]
[WhiteElo "1700"]
[BlackElo "1336"]
[EventRounds "4"]
[EventCountry "USA"]

1. d4 d5 2. c4 e6 3. Nc3 c6 4. e3 Nf6 5. Bd2 Be7 6. Nf3 Nbd7 7. Bd3 Qc7 8. O-O
e5 9. cxd5 Nxd5 10. Nxd5 cxd5 11. Rc1 Qb6 12. dxe5 Qxb2 13. Bc3 Qxa2 14. Ra1
Qxa1 15. Qxa1 Nc5 16. Bb5+ Nd7 17. e6 fxe6 18. Bxg7 Rg8 19. Bh6 Kd8 20. Bf4
Nb6 21. Qe5 {#r} 1-0

[Event "SIO (Open)"]
[Site "Twin Falls, ID"]
[Date "2015.11.14"]
[Round "2.7"]
[White "Porth, Adam"]
[Black "Barney, Kim"]
[Result "0-1"]
[WhiteElo "1336"]
[BlackElo "1640"]
[EventRounds "4"]
[EventCountry "USA"]

1. e4 e5 2. Nf3 Nc6 3. d4 exd4 4. Bc4 Bb4+ 5. Bd2 Bxd2+ 6. Qxd2 Nge7 7. Nxd4
O-O 8. O-O Ne5 9. Be2 d6 10. Nc3 a6 11. Nf3 N7c6 12. a3 h6 13. Rfe1 Bg4 14.
Nxe5 Nxe5 15. f3 Be6 16. Rad1 Qe7 17. b3 Rac8 18. Nd5 Bxd5 19. exd5 Qf6 20. c4
b6 21. Rf1 a5 22. Rc1 Nd7 23. Bd1 Rfe8 24. Bc2 Re7 25. Qd3 g6 26. Qd2 Kg7 27.
Qf2 Rce8 28. Be4 Nc5 29. Qc2 Nxe4 30. fxe4 Qd4+ 31. Qf2 Qxf2+ 32. Rxf2 Rxe4
33. Rcf1 R8e7 34. Rf3 h5 35. a4 f5 36. g3 Re2 37. R1f2 R2e3 {The rest of the
game was not recorded--Jeffrey Roland.} {#R} 0-1

[Event "SIO (Open)"]
[Site "Twin Falls, ID"]
[Date "2015.11.14"]
[Round "3.7"]
[White "Inman, James"]
[Black "Porth, Adam"]
[Result "1-0"]
[WhiteElo "1783"]
[BlackElo "1310"]
[EventRounds "4"]
[EventCountry "USA"]

1. d4 d5 2. c4 c6 3. Nc3 Bf5 4. cxd5 cxd5 5. Qb3 e6 6. Qxb7 Nd7 7. Nf3 Qb8 8.
Qxb8+ Rxb8 9. Nh4 Be4 10. Nxe4 dxe4 11. g3 Bb4+ 12. Kd1 Ngf6 13. h3 O-O 14. e3
Rfd8 15. f4 Nc5 16. Rh2 Nd3 17. a3 Be7 18. Bxd3 exd3 19. Rd2 Ne4 20. Rg2 Rb3
21. Nf3 Rc8 22. Nd2 Nxd2 23. Rxd2 f5 24. g4 fxg4 25. hxg4 h6 26. f5 exf5 27.
gxf5 Bg5 28. Rf2 Bf6 29. a4 a5 30. Ra3 Rxa3 31. bxa3 Rc3 32. Rb2 h5 33. Kd2
Rc8 34. Rb1 h4 35. Kxd3 Kf7 36. Bd2 {The rest of the game was not
recorded--Jeffrey Roland.} {#r} 1-0

[Event "SIO (Open)"]
[Site "Twin Falls, ID"]
[Date "2015.11.14"]
[Round "4.7"]
[White "Porth, Adam"]
[Black "Vereshchagin, Aleksandr"]
[Result "1-0"]
[WhiteElo "1310"]
[BlackElo "1233"]
[EventRounds "4"]
[EventCountry "USA"]

1. e4 Nc6 2. Nf3 e5 3. d4 exd4 4. Bc4 Qe7 5. O-O f6 6. Bf4 d6 7. Nxd4 Bd7 8.
Nc3 g5 9. Bg3 O-O-O 10. Re1 h5 11. f3 h4 12. Bf2 Bg7 13. Nf5 Qf8 14. Nd4 Ne5
15. Be6 Qe7 16. Bxd7+ Qxd7 17. Nf5 Nh6 18. Nxg7 Qxg7 19. Nb5 Nc6 20. Nxa7+
Nxa7 21. Bxa7 Qd7 22. Bd4 Rhf8 23. c4 g4 24. f4 h3 25. g3 Rde8 26. f5 Qc6 27.
Qd3 Ng8 28. b4 Qa4 29. b5 Ne7 30. Qe2 Nxf5 31. Qxg4 Qxc4 32. Qxf5+ Re6 33. Bf2
Kd8 34. Rac1 Qxa2 35. Ra1 Qc4 36. Ra8+ Ke7 37. Rxf8 Kxf8 38. Qh7 Rxe4 39. Rxe4
Qxe4 40. Qxe4 {#r} 1-0

[Event "Idaho Closed"]
[Site "Twin Falls, ID"]
[Date "2016.02.13"]
[Round "1.4"]
[White "Porth, Adam"]
[Black "Landon, Lloyd"]
[Result "0-1"]
[WhiteElo "1337"]
[BlackElo "1842"]
[EventRounds "6"]
[EventCountry "USA"]

1. d4 Nf6 2. c4 c6 3. g3 e6 4. Bg2 d5 5. b3 Bb4+ 6. Bd2 Bd6 7. Nf3 O-O 8. O-O
Nbd7 9. Qc2 Ne4 10. Bc1 Ndf6 11. Bb2 Bd7 12. Nbd2 Rc8 13. Ne5 Nxd2 14. Qxd2
Be8 15. c5 Bc7 16. b4 Nd7 17. Nd3 f6 18. e3 Bg6 19. Nf4 Bf7 20. Bh3 Re8 21.
Rfe1 e5 22. Ne2 Ra8 23. Bf5 Be6 24. Bxe6+ Rxe6 25. Kg2 Qe8 26. h4 Qg6 27. Ng1
Rae8 28. Qe2 Kh8 29. h5 Qf7 30. Nh3 g6 31. hxg6 hxg6 32. Rh1 Kg7 33. Qf3 Qe7
34. Rh2 e4 35. Qg4 Rh8 36. Rah1 f5 37. Qg5 Rh5 38. Qxe7+ Rxe7 39. Nf4 Rxh2+
40. Rxh2 Bxf4 41. gxf4 Re8 42. a4 b6 43. Rh1 Rb8 44. Bc3 a6 45. Ra1 Kf6 46. f3
Rh8 47. fxe4 fxe4 48. Rh1 Rxh1 49. Kxh1 Kf5 50. Kg2 Kg4 51. Kf2 Kh3 52. a5 b5
53. Bd2 Nf6 54. Be1 Ng4+ 55. Ke2 Kg2 56. Bh4 Nh2 57. Bf2 Nf3 58. Bg3 Kxg3 59.
Kf1 Nxd4 60. exd4 Kxf4 61. Ke2 g5 62. Kf2 e3+ 63. Ke2 Ke4 64. Ke1 Kxd4 65. Ke2
g4 66. Ke1 Kc4 67. Ke2 d4 68. Ke1 d3 69. Kd1 Kxb4 70. Ke1 Kxa5 71. Kd1 Kb4 72.
Ke1 Kxc5 73. Kd1 a5 74. Ke1 a4 75. Kd1 a3 76. Kc1 e2 77. Kd2 a2 78. Kxd3 e1=N+
79. Kd2 a1=Q 80. Ke2 Qe5+ 81. Kf2 Nd3+ 82. Kg2 Nc1 83. Kh1 Qe2 84. Kg1 b4 85.
Kh1 b3 86. Kg1 b2 87. Kh1 b1=Q 88. Kg1 Na2# 0-1

[Event "Idaho Closed"]
[Site "Twin Falls, ID"]
[Date "2016.02.13"]
[Round "2.13"]
[White "Simonson, Jay L"]
[Black "Porth, Adam"]
[Result "0-1"]
[WhiteElo "800"]
[BlackElo "1337"]
[EventRounds "6"]
[EventCountry "USA"]

1. e4 c6 2. Nc3 d5 3. Nf3 Bg4 4. Be2 Nf6 5. d4 e6 6. O-O dxe4 7. Ne5 Bxe2 8.
Qxe2 Qxd4 9. Bf4 Nbd7 10. Nxd7 Qxd7 11. Rad1 Nd5 12. Nxe4 Nxf4 13. Rxd7 Nxe2+
14. Kh1 Kxd7 15. Rd1+ Kc7 16. Rd2 Nf4 17. g3 Nd5 18. Kg2 Rd8 19. Ng5 Nf4+ 20.
gxf4 Rxd2 21. Nxf7 Rg8 22. Ng5 Bc5 23. Nxe6+ Kd6 24. Nxc5 Kxc5 25. c3 g5 26.
b4+ Kd6 27. f5 Rf8 {#R} 0-1

[Event "Idaho Closed"]
[Site "Twin Falls, ID"]
[Date "2016.02.14"]
[Round "3.9"]
[White "Porth, Adam"]
[Black "Bartell, Fred"]
[Result "1/2-1/2"]
[WhiteElo "1337"]
[BlackElo "1660"]
[EventRounds "6"]
[EventCountry "USA"]

1. d4 d5 2. c4 e6 3. g3 Nc6 4. Bg2 dxc4 5. Nf3 Nf6 6. O-O Be7 7. Ne5 Nxe5 8.
dxe5 Nd5 9. Qa4+ c6 10. Qxc4 Qc7 11. Bf4 O-O 12. Nd2 g5 13. Bxg5 Bxg5 14. Qg4
Qxe5 15. h4 Ne3 16. fxe3 Qxe3+ 17. Kh2 Qxd2 18. Qxg5+ Qxg5 19. hxg5 Rd8 20.
Rad1 Rxd1 21. Rxd1 Kf8 22. Be4 Kg7 23. Rd8 a5 24. g4 a4 25. a3 {#d} 1/2-1/2